000 00581nam a22002177a 4500
003 UA-OsUOA
001 82224
007 ta
008 20120224b un ||||| |||| 00| 0 ukr d
100 _aДанова Л.
090 _a82
_bД18
942 _cSA
040 _aUA-OsUOA
_bukr
_cUA-OsUOA
_dUA-OsUOA
245 _aКримські мандрівки Лесі Українки (Урок у 10 класі)
300 _aС.33-37
955 _a0
041 _aukr
080 _a82
773 0 _w82219
650 7 _a82 Література. Літературознавство
_2UDC
999 _c368528
_d368528